| 000 | 00842nam a22001937a 4500 | ||
|---|---|---|---|
| 008 | 090719t xxu||||| |||| 00| 0 ara d | ||
| 020 | _a3789953821443 | ||
| 082 |
_222 _a323 _bح ق و |
||
| 245 | 0 | 0 |
_aحقوق الانسان : _bالرؤى العالمية والاسلامية والعربية |
| 250 | _aط 2. | ||
| 260 |
_aبيروت: _b،مركز دراسات الوحدة العربية _c2007 |
||
| 300 |
_a400 ص _c24 سم |
||
| 490 | 1 |
_aسلسلة كتب المستقبل العربى _v41 |
|
| 500 | _aيشتمل على كشافات | ||
| 650 |
_98073 _aحقوق الانسان |
||
| 700 |
_98072 _aبرهان ، غليون |
||
| 942 |
_2ddc _cBB |
||
| 999 |
_c12370 _d12370 |
||